Normal view MARC view
  • Botánica médica

Entry Materia

Number of records used in: 30

001 - NÚMERO DE CONTROL DEL REGISTRO

  • campo de control: 1355

003 - IDENTIFICADOR DE NUMERO DE CONTROL

  • campo de control: MX-MxUPN

005 - FECHA Y HORA DE LA ÚLTIMA TRANSACCIÓN

  • campo de control: 20240611125202.0

008 - DATOS DE LONGITUD FIJA

  • campo de control de longitud fija: 240611n||acnnnbabn n |aa |d

035 ## - NÚMERO DE CONTROL DEL SISTEMA

  • Número de control del sistema: UPN10000001355

040 ## - FUENTE DE LA CATALOGACIÓN

  • Lengua de catalogación: spa
  • Agencia de transcripción: MX-MxUPN
  • Centro catalogador de origen: MX-MxUPN

053 #4 - NÚMERO CLASIFICADOR - BIBLIOTECA DEL CONGRESO (LC)

  • Elemento numérico de la clasificación - Número único o no. inicial del rango: QK99

150 ## - ENCABEZAMIENTO - TEMÁTICO

  • Término de materia o nombre geográfico como elemento inicial: Botánica médica

450 ## - VÉASE - MATERIA

  • Encabezamiento temático: Plantas medicinales

670 ## - FUENTE EN LA QUE SE LOCALIZARON DATOS

  • Cita de la fuente: LEMB, 1998 :
  • Información localizada: página 154 (Botánica médica)

902 ## - CATALOGADOR

  • Catalogador: MEEG/210197
  • Catalogador: MaríaRobles/110624